000 00604nam a2200169Ia 4500
008 090201s9999 xx 000 0 und d
010 _aKPL-35496
040 _bमराठी
041 _aमराठी
082 _a21161
_b35496
100 _aसेतुमाधवराव पगडी
245 _aनेसोनी शालू हिरवा
_cसेतुमाधवराव पगडी
260 _c2004
_bपरचुरे प्रकाशन मंदिर
300 _a173
_bलहान
600 _aनेसोनी शालू हिरवा
942 _cBOOK
999 _c220888
_d220888